000 00336 a2200157 4500
001 189670
020 _a978-85-08-11349-1
040 _cMagnum
100 _aJunqueira, Sonia
240 1 0 _aRegina e o mágico
_lpor
245 1 0 _aRegina e o mágico
300 _a24
362 0 _a2008
697 _aLITERATURA INFANTIL
942 _cBK
999 _c189670
_d189670